Missing Word: What's Her Name? Quiz Stats

 Plays Quiz Updated Aug 10, 2017

Support Sporcle.
Go Orange.
Score 0/18 Timer 03:00
0 Plays Today
Last Name First Name % Correct
______ DeGeneresEllen
96.2%
______ OnoYoko
93.2%
______ CurieMarie
93.1%
______ ChanelCoco
92.6%
______ WoolfVirginia
88.3%
______ TubmanHarriet
86.3%
______ MerkelAngela
83.9%
______ PerónEva
83%
______ KnowlesBeyoncé
82.9%
Last Name First Name % Correct
______ SharapovaMaria
77.3%
______ RideSally
76.6%
______ Bader GinsbergRuth
72.9%
______ MeirGolda
72.5%
______ GandhiIndira
71.7%
______ MayTheresa
66.5%
______ KahloFrida
66.3%
______ AquinoCorazon
47.4%
______ YousafzaiMalala
42.9%

Today's Daily Dose

You're not logged in!

Compare scores with friends on all Sporcle quizzes.
OR
Log In
Forgot?

From the Vault

80% Song Titles

by Pilgab

Just 80% of a song? Sounds a lot like downloading music in the dial-up internet days.
Remove Ads.
Support Sporcle.
Get the best of Sporcle when you Go Orange. This ad-free experience offers more features, more stats, and more fun while also helping to support Sporcle. Thank you for becoming a member.

Show Comments

Extras

Top Quizzes Today


Score Distribution

Your Account Isn't Verified!

In order to create a playlist on Sporcle, you need to verify the email address you used during registration. Go to your Sporcle Settings to finish the process.

Report this User

Report this user for behavior that violates our Community Guidelines.

Details: